| 000 | 00510nam a2200193Ia 4500 | ||
|---|---|---|---|
| 005 | 20250423095603.0 | ||
| 008 | 250422s9999 xx 000 0 und d | ||
| 020 | _a9780071842402 | ||
| 050 | _aRC 46 .H37/ | ||
| 100 | _aEdited by Dennis L. Kasper...[et al.] | ||
| 245 | 0 | _aHarrison’s principles of internal medicine (Vol. 2) | |
| 250 | _a19th ed. | ||
| 260 | _aNew York | ||
| 260 | _bMcGraw-Hill Education | ||
| 260 | _c2015 | ||
| 300 | _a467 - 2770 p | ||
| 650 | _aInternal medicine | ||
| 942 | _cBK | ||
| 999 |
_c30726 _d30726 |
||